00687caa a22001212a 4500001000900000003001100009008004300020100002400063245005000087300001600137500019800153773021400351 018232 AR-FADEU 311216n########xxu####################dd aMaggio, Luis Anibal aCivis romanus sum : acerca de la ciudadanía aPP. 165-176 aEn: Encuentro Nacional de profesores de derecho romano XVII : homenaje Dr. Luis Rodolfo Argüello / Asociación de Derecho Romano de la República Argentina. General Roca : PubliFadecs, 20050 023952aAsociación de Derecho Romano de la República ArgentinabdGeneral Rocao5231tENCUENTRO Nacional de profesores de derecho romano XVII : homenaje Dr. Luis Rodolfo Argüellow( AR-FADEU) 018209xz